00769nam a22002297a 4500003000500000005001700005008004100022010001000063011001000073020001800083035001100101040000900112100003400121245013200155260007900287300002800366490003000394650003800424650002600462650002100488830003000509CHAP20220329143549.0100601s2008 mx a r 00010 spa d a98571 a99543 a9786074250695 a110229 cCHAP00aSerrano Altamirano, Víctor.10aAlgunas características del cultivo de jamaica (Hibiscus sabdariffa L.) en la costa de Oaxacac/por Victor Serrano Altamirano aEtla, Oax. :bINIFAP. Campo Experimental Valles Centrales de Oaxaca,c2008 a52 p. :bilus., cuadros 0aBoletín técnicov; 1414aJamaicaxEnfermedades por hongos.14aJamaicaxRendimiento.14aJamaicazOaxaca.0 aBoletín técnicov; 14